Acústica y psicoacústica de la música.

Αποθηκεύτηκε σε:
Λεπτομέρειες βιβλιογραφικής εγγραφής
Κύριος συγγραφέας: Roederer, Juan G
Μορφή: Βιβλίο
Γλώσσα:Ισπανικά
Έκδοση: Buenos Aires, Argentina Ricordi Americana 1997
Σειρά:BA. 13715
Θέματα:
Ετικέτες: Προσθήκη ετικέτας
Δεν υπάρχουν, Καταχωρήστε ετικέτα πρώτοι!

MARC

LEADER 00000nam a2200000 a 4500
001 UCL5547
003 CL-VaPUC
005 20250115112933.0
008 040312e19970000AG |||||||||||||||||spa|d
999 |c 308072  |d 308070 
020 |a 9502204441 
040 |c Pontificia Universidad Católica de Valparaíso 
082 0 4 |a 781.23 ROE 1997  |2 21 
100 0 |a Roederer, Juan G  |9 483271 
245 1 0 |a Acústica y psicoacústica de la música. 
260 0 3 |a Buenos Aires, Argentina  |b Ricordi Americana  |c 1997 
300 |a 240 páginas 
490 0 |a BA.  |v 13715 
583 |a last modification  |c 20040312 00:00:00  |k Rodrigo Vera 
650 0 |a Acústica   |9 265389 
650 0 |a Música  |9 306269 
650 0 |a Neuropsicología  |9 270837 
650 0 |a Ondas sonoras  |9 322250 
942 |c BK  |2 ddc 
945 |d 20040312 00:00:00  |a cmena 
952 |0 0  |1 0  |2 ddc  |4 0  |6 781_230000000000000_ROE_1997  |7 0  |8 A  |9 374305  |a BIBEDU  |b BIBEDU  |d 2019-11-21  |i 3982009  |l 1  |o 781.23 ROE 1997  |p 3982009  |r 2023-01-12  |s 2020-03-04  |t 1  |w 2019-11-21  |y BK  |k MUS 
952 |0 0  |1 0  |2 ddc  |4 0  |6 781_230000000000000_ROE_1997  |7 0  |8 A  |9 374306  |a BIBEDU  |b BIBEDU  |d 2019-11-21  |i 438119K  |o 781.23 ROE 1997  |p 438119K  |r 2023-01-12  |t 2  |w 2019-11-21  |y BK  |k MUS